000 00862nam a2200253Ia 4500
003 OSt
005 20220923215323.0
006 a|||||r|||| 00| 0
007 ta
008 220922b |||||||| |||| 00| 0 hin d
024 _a177,754
037 _cTextual
040 _aARTS
_cARTS
_bhin
041 _2hin
_ahin
082 _aO152,1:g(X:3M24xM18), L8
100 _aठाकुर, सम्पत
_9156290
245 0 _aहिन्दी की मार्क्सवादी कविता
246 _aHindī kī mārksavādī kavitā
260 _aआगरा
_b प्रगति प्रकाशन
_c1978
300 _a479 पृ.
_ccm.
650 _aहिन्दी साहित्य
_9156264
942 _hO152,1:g(X:3M24xM18), L8
_cTEXL
_2CC
999 _c331142
_d331142